000 00620nam a22002417a 4500
003 OSt
005 20140310183021.0
008 130214t xxu||||| |||| 00| 0 eng d
020 _a9789712345586
050 _aQP519
_b.P347 2006
082 _aFIL 572.078
_bEs5 2006
245 _aLaboratory manual in biochemistry
_cPayte-Esmabe, Maricon S.
260 _aManila
_bRex Book Store
_c2006
300 _a175 p.
_c26 cm
521 _acollege students
526 _c1210L-1700L
541 _j1
541 _j2
541 _j3
541 _j4
562 _e4
942 _2lcc
_cBK
_kFIL
999 _c18373
_d18373